| 000 | 00813nam a2200313 a 4500 | ||
|---|---|---|---|
| 003 | AR-BaBNM | ||
| 005 | 20251128204118.0 | ||
| 008 | 082120s2002 ||||||||||||||000 | spa|| | ||
| 040 | _cAR-BaBNM | ||
| 100 | 1 | _aSantayana, George | |
| 245 | 0 | 0 |
_aTres poetas filósofos _bLucrecio, Dante, Goethe |
| 250 | _a3ª ed. | ||
| 260 |
_aBuenos Aires _bLosada _c1969 |
||
| 300 | _a177 p. | ||
| 490 | 0 | _aBiblioteca clásica y contemporánea | |
| 650 | 4 | _aLITERATURA LATINA | |
| 650 | 4 | _aFILOSOFIA | |
| 650 | 4 | _aPOESIA | |
| 650 | 4 | _aANTOLOGIAS | |
| 650 | 4 | _aANALISIS LITERARIO | |
| 650 | 4 | _aFILOSOFIA LITERARIA | |
| 650 | 4 | _aENSAYO | |
| 650 | 4 | _aLITERATURA ITALIANA | |
| 650 | 4 | _aLITERATURA ALEMANA | |
| 655 | _aLITERATURA | ||
| 700 | 1 |
_aFerrater Mora, José _etraductor |
|
| 942 | _cBK | ||
| 998 | _cisola | ||
| 999 |
_c6222 _d6222 |
||